Sưu tầm và khảo luận tác phẩm chữ Hán của người Việt Nam trước thế kỷ X /
Sách tập trung giới thiệu những tác phẩm của người Việt viết bằng chữ Hán trước thế kỷ X.
Guardado en:
| Autor principal: | |
|---|---|
| Formato: | Libro |
| Lenguaje: | Vietnamese |
| Publicado: |
Hà Nội :
Thế giới,
2000.
|
| Materias: | |
| Etiquetas: |
Agregar Etiqueta
Sin Etiquetas, Sea el primero en etiquetar este registro!
|
| Thư viện lưu trữ: | Mạng thư viện Đại học Đà Nẵng |
|---|
| LEADER | 01135cam a2200373 i 4500 | ||
|---|---|---|---|
| 001 | 000046586 | ||
| 003 | 6084 | ||
| 005 | 20030917112409.0 | ||
| 008 | 010307b2000 vm 000 vie | ||
| 020 | |c 90000 | ||
| 022 | |a T | ||
| 040 | |a IRC |c IRC |d IRC | ||
| 041 | 0 | |a vie | |
| 082 | 1 | 4 | |a 895.924 |b TR-N |
| 100 | 1 | |a Trần Nghĩa. | |
| 245 | 0 | 0 | |a Sưu tầm và khảo luận tác phẩm chữ Hán của người Việt Nam trước thế kỷ X / |c Trần Nghĩa. |
| 260 | |a Hà Nội : |b Thế giới, |c 2000. | ||
| 300 | |a 527tr. ; |c 20cm. | ||
| 520 | 3 | |a Sách tập trung giới thiệu những tác phẩm của người Việt viết bằng chữ Hán trước thế kỷ X. | |
| 630 | 0 | 4 | |a Văn học Việt. |
| 630 | 0 | 4 | |a Văn học chữ Hán. |
| 630 | 0 | 4 | |a Tác phẩm chữ Hán. |
| 630 | 0 | 4 | |a Khảo luận văn học. |
| 650 | 0 | 4 | |a Văn học Việt |x Tác phẩm Hán ngữ. |
| OWN | |a DUT | ||
| 999 | |a From the UDN01 | ||
| TYP | |a Monograph | ||
| TYP | |a Printed language | ||
| 980 | |a Mạng thư viện Đại học Đà Nẵng | ||